[Event "Nashville Summer op"]
[Site "Nashville"]
[Date "2024.08.27"]
[Round "2"]
[White "Campbell, Maxwell"]
[Black "Cardenas, Nicholas"]
[Result "0-1"]
[WhiteElo "1842"]
[BlackElo "1945"]
[PlyCount "140"]
[EventDate "2024.08.26"]
[EventType "swiss"]
[EventRounds "9"]
[EventCountry "USA"]
[SourceTitle "EXT 2025"]
[Source "ChessBase"]
[SourceDate "2024.10.14"]
[SourceVersion "1"]
[SourceVersionDate "2024.10.14"]
[SourceQuality "1"]

1. d4 d5 2. Nf3 Nf6 3. c4 c6 4. Nc3 e6 5. e3 a6 6. Bd3 dxc4 7. Bxc4 b5 8. Bd3 c5 9. e4 cxd4 10. Nxd4 Bc5 11. Nb3 Bb6 12. 0-0 Nbd7 13. Qe2 Bb7 14. Bg5 h6 15. Bh4 e5 16. a4 b4 17. Nd5 g5 18. Nxb6 Qxb6 19. Bg3 0-0 20. a5 Qe6 21. Bc4 Qe7 22. f3 Nh5 23. Bf2 Nf4 24. Qe3 Rfc8 25. Rac1 Kg7 26. Rfd1 Bc6 27. Nd2 Nf8 28. Bf1 Ba4 29. Re1 Bb5 30. Bxb5 axb5 31. Nb3 N8e6 32. g3 Nh3+ 33. Kg2 Nxf2 34. Qxf2 Rc4 35. Rcd1 Rac8 36. Rd5 Nc7 37. Rc5 Qd6 38. Qe3 Ne6 39. Rxc8 Rxc8 40. Rc1 Rxc1 41. Nxc1 Nd4 42. Nd3 f6 43. g4 b3 44. Nc1 Qc7 45. Kh3 Qxa5 46. Nxb3 Qb4 47. Nxd4 exd4 48. Qe2 Qc4 49. Qd2 b4 50. Kg3 d3 51. Kf2 Qd4+ 52. Kf1 Kf7 53. h4 Ke6 54. hxg5 hxg5 55. Kg2 Kd6 56. b3 Kc6 57. Kf1 Kb5 58. Kg2 Qc3 59. Qe3 Qxb3 60. e5 Qb2+ 61. Kh3 Qe2 62. Qd4 Qxf3+ 63. Kh2 Qe2+ 64. Kh3 fxe5 65. Qd5+ Ka4 66. Qa8+ Kb3 67. Qd5+ Kb2 68. Qc4 Qf3+ 69. Kh2 Qf4+ 70. Kh3 Qxc4 0-1

[Event "Richmond Keres Memorial 46th"]
[Site "Richmond"]
[Date "2022.05.21"]
[Round "2"]
[White "Kolbus, Dietmar"]
[Black "Cardenas, Nicholas"]
[Result "1-0"]
[WhiteElo "2313"]
[BlackElo "1909"]
[PlyCount "131"]
[EventDate "2022.05.21"]
[EventType "swiss"]
[EventRounds "6"]
[EventCountry "CAN"]
[SourceTitle "CBM 209 Extra"]
[Source "ChessBase"]
[SourceDate "2022.09.30"]
[SourceVersion "1"]
[SourceVersionDate "2022.09.30"]
[SourceQuality "1"]

1. c4 c6 2. Nf3 d5 3. b3 Bf5 4. Bb2 e6 5. g3 h6 6. Bg2 Nf6 7. 0-0 Bd6 8. d3 0-0 9. Nbd2 Qe7 10. Ne5 Bxe5 11. Bxe5 Nbd7 12. Bb2 e5 13. e4 Bg4 14. f3 Be6 15. exd5 cxd5 16. Re1 Qd6 17. Kh1 Rfe8 18. Qe2 Bf5 19. cxd5 Nxd5 20. Ne4 Qb6 21. Rad1 Rad8 22. d4 Bxe4 23. fxe4 exd4 24. Bxd4 Qe6 25. Bxg7 Kxg7 26. Rxd5 Qxd5 27. exd5 Rxe2 28. Rxe2 Kf6 29. Rf2+ Ke7 30. d6+ Kxd6 31. Bxb7 Rf8 32. Rf5 f6 33. Ra5 Nc5 34. Bf3 Rf7 35. b4 Ne6 36. Bd5 Rc7 37. Bxe6 Kxe6 38. Kg2 Kf7 39. a3 Kg6 40. g4 h5 41. Rxh5 Rc2+ 42. Kf1 Ra2 43. Ra5 Rxh2 44. Rxa7 Kg5 45. Rg7+ Kh6 46. Rc7 Kg5 47. b5 Ra2 48. Rc3 Kxg4 49. Rb3 Ra1+ 50. Kf2 Ra2+ 51. Ke1 Rh2 52. b6 Rh8 53. b7 Rb8 54. a4 f5 55. a5 f4 56. a6 f3 57. Kf2 Re8 58. Rb4+ Kf5 59. Kxf3 Kg6 60. b8Q Re6 61. Qg8+ Kf5 62. Rf4+ Ke5 63. Re4+ Kf5 64. Qxe6+ Kg5 65. Rg4+ Kh5 66. Qg6# 1-0